Badlands : Highway Quartet / C.J. Box.
Grimstad, North Dakota – a place people used to be from, but were never headed to – has struck oil. As pipelines snake across the prairie, oil flows out and men and money flow in. And with them, comes crime. North Dakota’s new oil capital has a serious law and order problem and newly qualified detective Cassie Dewell has just been assigned as its deputy sheriff. Twelve-year-old Kyle Westergaard is one of Grimstad's paperboys. Even though Kyle has been written off as the “slow” kid, he has dreams deeper than anyone can imagine – he wants to get out of town, take care of his alcoholic mother, and give them a better life. While delivering newspapers, he witnesses a car accident and now has money and a lot of white powder in his possession. With the temperature dropping to 30 below and a gang war heating up, Cassie fears she might be in over her head but the key to it all will come in the most unlikely form: an undersized boy on a bike who keeps showing up where he doesn’t belong.
Record details
- ISBN: 9781427260925
- ISBN: 1427260923
- Physical Description: 8 audio discs (10 hours) : digital, CD audio ; 4 3/4 in.
- Edition: Unabridged edition.
- Publisher: New York : Macmillan Audio, ℗2015.
Content descriptions
| General Note: | Subtitle from container. Compact discs. |
| Participant or Performer Note: | Read by January LaVoy. |
Search for related items by subject
| Genre: | Thrillers (Fiction) Audiobooks. |
Search for related items by series
Available copies
- 1 of 1 copy available at scottsboropl.
Holds
- 0 current holds with 1 total copy.
Other Formats and Editions
Show Only Available Copies
| Location | Call Number / Copy Notes | Barcode | Shelving Location | Status | Due Date |
|---|---|---|---|---|---|
| scottsboropl | BK/CD Box | 32269000964992 | Adult - Audiobook | Available | - |
| LDR | 02165nim a2200457Ii 4500 | ||
|---|---|---|---|
| 001 | 139643 | ||
| 003 | SBPL | ||
| 005 | 20150817094639.0 | ||
| 007 | sd uungnnmunuu | ||
| 008 | 150129s2015 nyunnnn f n eng d | ||
| 020 | . | ‡a9781427260925 | |
| 020 | . | ‡a1427260923 | |
| 035 | . | ‡a(CONS)139643 | |
| 035 | . | ‡a(CPomAG)LMN589798 | |
| 043 | . | ‡an-us-nd | |
| 050 | 4. | ‡aPS3552.O87658 ‡bB335 2015ab | |
| 082 | 0 | 4. | ‡a813/.54 ‡223 |
| 100 | 1 | . | ‡aBox, C. J.,: ‡eauthor. |
| 245 | 1 | 0. | ‡aBadlands : ‡b Highway Quartet / ‡cC.J. Box. |
| 250 | . | ‡aUnabridged edition. | |
| 264 | 1. | ‡aNew York : ‡bMacmillan Audio, ‡c℗2015. | |
| 300 | . | ‡a8 audio discs (10 hours) : ‡bdigital, CD audio ; ‡c4 3/4 in. | |
| 306 | . | ‡a100000 | |
| 336 | . | ‡aspoken word ‡bspw ‡2rdacontent | |
| 337 | . | ‡aaudio ‡bs ‡2rdamedia | |
| 338 | . | ‡aaudio disc ‡bsd ‡2rdacarrier | |
| 344 | . | ‡adigital ‡boptical ‡2rda | |
| 347 | . | ‡aaudio file ‡bCD audio ‡2rda | |
| 490 | 0 | . | ‡aThe Highway Quartet : ‡vBk 3 |
| 500 | . | ‡aSubtitle from container. | |
| 500 | . | ‡aCompact discs. | |
| 511 | 0 | . | ‡aRead by January LaVoy. |
| 520 | . | ‡aGrimstad, North Dakota – a place people used to be from, but were never headed to – has struck oil. As pipelines snake across the prairie, oil flows out and men and money flow in. And with them, comes crime. North Dakota’s new oil capital has a serious law and order problem and newly qualified detective Cassie Dewell has just been assigned as its deputy sheriff. Twelve-year-old Kyle Westergaard is one of Grimstad's paperboys. Even though Kyle has been written off as the “slow” kid, he has dreams deeper than anyone can imagine – he wants to get out of town, take care of his alcoholic mother, and give them a better life. While delivering newspapers, he witnesses a car accident and now has money and a lot of white powder in his possession. With the temperature dropping to 30 below and a gang war heating up, Cassie fears she might be in over her head but the key to it all will come in the most unlikely form: an undersized boy on a bike who keeps showing up where he doesn’t belong. | |
| 650 | 0. | ‡aWomen detectives ‡vFiction. | |
| 650 | 0. | ‡aRural crimes ‡xInvestigation ‡vFiction. | |
| 650 | 0. | ‡aPolicewomen ‡zNorth Dakota ‡vFiction. | |
| 650 | 0. | ‡aPetroleum industry and trade ‡zNorth Dakota ‡vFiction. | |
| 650 | 0. | ‡aDrug traffic ‡zNorth Dakota ‡vFiction. | |
| 651 | 0. | ‡aNorth Dakota ‡vFiction. | |
| 655 | 7. | ‡aThrillers (Fiction) ‡2lcgft | |
| 655 | 7. | ‡aAudiobooks. ‡2lcgft | |
| 700 | 1 | . | ‡aLaVoy, January,: ‡enarrator. |
| 800 | 0 | . | ‡aThe Highway Quartet : ‡vBk 3 |
| 901 | . | ‡a139643 ‡bUnknown ‡c139643 ‡tbiblio | |